| 000 | 00806 a2200277 4500 | ||
|---|---|---|---|
| 001 | 200422972 | ||
| 999 |
_c200422972 _d40004 |
||
| 003 | TR-AnTOB | ||
| 005 | 20241015164648.0 | ||
| 008 | 151102s tu 000 0 | ||
| 020 | _a9789750511295 | ||
| 040 |
_aTR-AnTOB _btur _erda |
||
| 041 | 0 | _atur | |
| 050 | 0 | 0 |
_aPL248.T45 _bS49 2013 |
| 090 | _aPL 248 .T45 .S49 2013 | ||
| 100 | 1 |
_aTekin, Latife, _d1957- _9109528 |
|
| 245 | 1 | 0 |
_aSevgili arsız ölüm / _cLatife Tekin. |
| 264 |
_aİstanbul. : _bİletişim, _c2014. |
||
| 300 |
_a240 sayfa ; _c23 cm. |
||
| 336 |
_atext _2rdacontent |
||
| 337 |
_aunmediated _2rdamedia |
||
| 338 |
_avolume _2rdacarrier |
||
| 650 | 0 | 0 |
_aTurkish fiction _y19th century _xHistory and criticism _926051 |
| 650 | 0 | 0 |
_aTürk romanı _y19. yüzyıl _xTarih ve eleştiri _97656 |
| 942 | _cBK | ||